Statistiques concernant Chansons françaises 4

Cliquez ici pour prendre le quiz!

Statistiques générales

  • Ce quiz a été pris 386 fois
  • Le résultat moyen est 25 sur 60

Statistiques - réponses

ChansonArtiste(s)% Correct
Mistral gagnantRenaud
94%
Balance ton quoiAngèle
90%
Casser la voixPatrick Bruel
90%
Au bout de mes rêvesJean-Jacques Goldman
85%
Ca (c'est vraiment toi)Téléphone
82%
Je serai (ta meilleure amie)Lorie
79%
ZenZazie
78%
Voyage, voyageDesireless
69%
Tourner dans le videIndila
69%
Pas de boogie woogieEddy Mitchell
67%
VaninaDave
64%
Noir c'est noirJohnny Hallyday
62%
J'ai cherchéAmir
61%
Déjeuner en paixStephan Eicher
58%
Dumbo (2017)Vianney
58%
Face à la merCalogero et Passi
57%
Nuit de folieDébut de soirée
57%
A l'internationalTAL
56%
J'aimerais tropKeen'v
55%
Le cheminKyo
53%
Comme des enfantsCoeur de Pirate
51%
Je dis aimeMatthieu Chedid
51%
Marly-GomontKamini
50%
J'ai encore rêvé d'elleIl était une fois
48%
Avant qu'elle parteSexion d'assaut
48%
Comic stripSerge Gainsbourg
47%
GarçonKoxie
46%
Une femme avec une femmeMecano
46%
Le temps des cathédralesBruno Pelletier (de Notre-Dame de Paris)
44%
Hey OhTragédie
44%
Tous les garçons et les fillesFrançoise Hardy
41%
Ma petite entrepriseAlain Bashung
40%
NathalieGilbert Bécaud
40%
Les limitesJulien Doré
40%
J'en rêve encoreGérald de Palmas
37%
Fume à fondLorenzo
34%
Emmène-moi danser ce soirMichèle Torr
32%
Rien qu'une larmeMike Brant
29%
L'air du vent (1995)Native (Pocahontas)
29%
Non, non, rien a changéLes Poppys
28%
Mes mains sur tes hanchesSalvatore Adamo
28%
Quand je t'aimeDemis Roussos
27%
Toute la pluie tombe sur moiSacha Distel
23%
Faut rigolerHenri Salvador
21%
Tout le bonheur du mondeSinsemilia
21%
Comme un avion sans aileCharlElie Couture
20%
ReufNekfeu
19%
J'ai la guitare qui me démangeYves Duteil
19%
Amoureux solitairesLio
18%
Toi et moiGuillaume Grand
17%
L'empire du côté obscurI AM
15%
Quand tu chantesNana Mouskouri
15%
Les vendanges de l'amourMarie Laforêt
14%
Y'a qu'un ch'veuMichel Polnareff
14%
CasatchocRika Zaraï
7%
Be bop a lula (1961)Les Chaussettes Noires
6%
OCBBilly Ze Kick et les Gamins en folie
4%
L'homme à la moto (1992)Fanny Biascamano
3%
Ce mec est too muchLes Coco Girls
3%
Après toiVicky Leandros
3%

Distribution des résultats

Percentile par nombre de réponses

% des personnes avec chaque résultat

Votre développement - résultats

Vous n’avez pas pris ce quiz